Športovo relaxačné centrum Eindhoven - Holandsko
Guardado en:
| Autor principal: | |
|---|---|
| Otros Autores: | |
| Formato: | Manuscrito Libro |
| Lenguaje: | eslovaco |
| Publicado: |
Bratislava
2015
|
| Materias: | |
| Acceso en línea: | http://is.stuba.sk/zp/portal_zp.pl?podrobnosti=112131 |
| Etiquetas: |
Sin Etiquetas, Sea el primero en etiquetar este registro!
|
MARC
| LEADER | 00000ntm a22000003a 4500 | ||
|---|---|---|---|
| 001 | stuzp51777 | ||
| 003 | SK-STU | ||
| 005 | 20210308105143.8 | ||
| 007 | ta | ||
| 008 | 150427s2015----xo-----f-mn---000-0-slo-d | ||
| 040 | |a STU |b slo | ||
| 041 | 0 | |a slo | |
| 100 | 1 | |a Kostrej, Martin, |d 1989- |u 058180 |4 aut |U FAD Fakulta architektúry a dizajnu |U FAD Fakulta architektúry |T FA Ústav architektúry občianskych budov |X 58001 |U A8180 |Y 399 |7 A000058001 | |
| 242 | 0 | 1 | |a Sport and relaxation center Eindhoven - Netherlands |y eng |
| 245 | 1 | 0 | |a Športovo relaxačné centrum Eindhoven - Holandsko |
| 260 | |c 2015 |a Bratislava | ||
| 650 | 4 | |a koncept |2 slo | |
| 650 | 4 | |a prevádzka |2 slo | |
| 650 | 4 | |a zeleň |2 slo | |
| 650 | 4 | |a športové centrum |2 slo | |
| 650 | 4 | |a udržateľnosť |2 slo | |
| 650 | 4 | |a sport center |2 eng | |
| 650 | 4 | |a concept |2 eng | |
| 650 | 4 | |a operation |2 eng | |
| 650 | 4 | |a urban green |2 eng | |
| 650 | 4 | |a sustainability |2 eng | |
| 700 | 1 | |a Končeková, Danica, |d 1971- |4 ths |X 467 |7 A000000467 | |
| 856 | 4 | |u http://is.stuba.sk/zp/portal_zp.pl?podrobnosti=112131 |u https://opac.crzp.sk/?fn=detailBiblioForm&sid=E75B5E22D326BA6A98A494CFFF20 | |
| SQL | |a stuzp51777 |b DDP |c SLO |d Športovo relaxačné centrum Eindhoven - Holandsko |e 58001 |f Kostrej, Martin |g 058180 |h 467 |i Končeková, Danica |j 20150604 |k 153 |l 05 |m http://is.stuba.sk/zp/portal_zp.pl?podrobnosti=112131 |n I-ARCH |o 5.1.1. architektúra a urbanizmus | ||